000 00304nam a2200109 4500
008 180212b xxu||||| |||| 00| 0 eng d
245 _aTechnology as a tool for financial inclusion.
260 _aPhilippines
_bManila Bulletin
_cc2017
300 _apage 4.
650 0 _926345
_aTechnology.
942 _2ddc
_cPER
999 _c8549
_d8549